01401nam a2200421 i 450000100060000000300080000600500170001400600190003100700150005000800410006502000270010602000180013303500210015104000310017205000210020308000110022408200150023524500940025026400420034430000410038633600310042733700330045833800430049149000210053450000220055550400290057758800830060665000200068965000260070965000240073565000310075965000230079065000250081365500270083870000300086583000220089585600620091727053FINmELB20241216215942.0m o u cr cn|||||||||170321s2013 sp ob 001 0 spa d a9788497847148 (e-book) z9788497842082 a(OCoLC)991973518 aFINmELBbspaerdacFINmELB 4aBF241bL111 2013 a159.910 a152.1422303aLa imagen :banálisis y representación de la realidad /cRoberto Aparici [y otros 3]. 1aBarcelona :bEditorial Gedisa,c2013. a1 recurso en línea (329 páginas) atextobtxt2rdacontent/spa acomputadorabc2rdamedia/spa arecurso en líneabcr2rdacarrier/spa1 aSerie Multimedia aIncluye índice. aContiene bibliografía. aDescripción basada en metadatos suministrados por el editor y otras fuentes. 0aImage analysis. 4aAnálisis de imagen. 0aPicture perception. 4aPercepción de la imagen. 0aVisual perception. 4aPercepción visual. 4aLibros electrónicos.1 aAparici, Roberto,eautor. 0aSerie Multimedia.40uhttps://elibro.net/ereader/politecnicointernacional/61157